Pensar malvinas /

Guardado en:
Otros Autores: Flachsland, Cecilia, coord.
Formato: Libro
Publicado: Buenos Aires : Ministerio de Educación, 2009
Materias:
Etiquetas: Agregar Etiqueta
Sin Etiquetas, Sea el primero en etiquetar este registro!
LEADER 01062nam a22002295a 4500
001 CEM.cems013207
005 20091104101744.0
008 130507s2009##################000#0#####d
003 CEMS
020 |a 9789500007122 
082 0 4 |a 327.82 
245 0 0 |a Pensar malvinas /  |c Coordinado Por Cecilia Flachsland 
260 |a Buenos Aires :  |b  Ministerio de Educación,  |c 2009 
300 |a 196 p. 
500 |a Programa Educación y memoriaselección de fuentes documentales, testimoniales, ficcionales y fotográficas para trabajar en el aula 
505 0 |a 1982: la guerra -- Las islas en el imaginario argentino previo a la guerra -- Memorias de la guerra -- La escuela y las causas nacionales -- Representaciones -- Los trabajos de los IFD: la voz de los estudiantes 
653 |a Malvinas-guerra de 
653 |a Guerra de malvinas 
653 |a Guerra de malvinas-fuentes documentales 
700 1 |a Flachsland, Cecilia, coord. 
859 |a CEMS  |b BIB. CEMS - 11 de abril  |h 327.82  |i P418  |p 25700.09  |t Ej.1 
859 |a CEMS  |b BIB. CEMS - 11 de abril  |h 327.82  |i P418  |p 28085.19  |t Ej.2